[Event "Yalta Yialos op"]
[Site "Yalta"]
[Date "2023.08.19"]
[Round "4"]
[White "Dovgal, German"]
[Black "Shapka, Vladimir"]
[Result "1/2-1/2"]
[WhiteElo "1215"]
[BlackElo "1094"]
[PlyCount "53"]
[EventDate "2023.08.16"]
[EventType "swiss"]
[EventRounds "9"]
[EventCountry "UKR"]
[SourceTitle "EXT 2024"]
[Source "ChessBase"]
[SourceDate "2023.10.10"]
[SourceVersion "1"]
[SourceVersionDate "2023.10.10"]
[SourceQuality "1"]

1. e4 d5 2. exd5 Nf6 3. d4 Nxd5 4. c4 Nf6 5. Nc3 g6 6. Be2 Bg7 7. h4 h5 8. Bf4 c6 9. Qd2 Bf5 10. Rd1 0-0 11. Nh3 Nbd7 12. f3 Qa5 13. 0-0 Bxh3 14. gxh3 Rad8 15. b4 Qf5 16. Kh2 e5 17. dxe5 Nxe5 18. Qe3 Rde8 19. Bxe5 Rxe5 20. Qf2 Rfe8 21. Bd3 Qf4+ 22. Qg3 Bh6 23. Ne4 R5e6 24. Rfe1 Nd7 25. Kg2 Qxg3+ 26. Kxg3 f5 27. Bc2 1/2-1/2

[Event "Gelendzhik Rapid op"]
[Site "Gelendzhik"]
[Date "2023.05.28"]
[Round "5"]
[White "Dovgal, German"]
[Black "Borisova, Ekaterina"]
[Result "0-1"]
[WhiteElo "1226"]
[BlackElo "2238"]
[PlyCount "128"]
[EventDate "2023.05.27"]
[EventType "swiss (rapid)"]
[EventRounds "11"]
[EventCountry "RUS"]
[SourceTitle "CBM 214 Extra"]
[Source "ChessBase"]
[SourceDate "2023.07.31"]
[SourceVersion "1"]
[SourceVersionDate "2023.07.31"]
[SourceQuality "1"]

1. e4 e5 2. Nf3 Nc6 3. Bc4 Nf6 4. Nc3 h6 5. d3 d6 6. h3 g5 7. Be3 Bg7 8. Qd2 a6 9. Nd5 Nxd5 10. Bxd5 Ne7 11. Bb3 Ng6 12. g3 Be6 13. Bxe6 fxe6 14. 0-0 Qf6 15. Kg2 0-0 16. Qe2 Rf7 17. c3 Raf8 18. Nh2 Qe7 19. d4 exd4 20. Bxd4 e5 21. Be3 Nf4+ 22. gxf4 exf4 23. Bd4 f3+ 24. Nxf3 Rxf3 25. Bxg7 Kxg7 26. Qxf3 Rxf3 27. Kxf3 Qe6 28. Rh1 Qc4 29. Ke3 Qc5+ 30. Kf3 Qe5 31. Rae1 h5 32. Re3 Kf6 33. Rd1 Qe6 34. Rd5 Qxh3+ 35. Ke2 Qg4+ 36. Rf3+ Ke6 37. Ke3 h4 38. Rdf5 Kd7 39. Rf7+ Kc6 40. Rh7 Kb6 41. Rff7 Qh3+ 42. Ke2 Qe6 43. Ke3 Qc4 44. Rfg7 Qc5+ 45. Kf3 Qe5 46. Rf7 a5 47. a4 d5 48. exd5 Qxd5+ 49. Kg4 Qg2+ 50. Kf5 h3 51. Rh6+ Ka7 52. Rg7 h2 53. Rgh7 Qxf2+ 54. Kxg5 Qxb2 55. Rxc7 Qg2+ 56. Kf6 h1Q 57. Rxh1 Qxh1 58. Ke7 Qe4+ 59. Kd6 Qxa4 60. c4 Qb4+ 61. Kd7 a4 62. c5 Ka6 63. Kd6 a3 64. Rc8 Ka7 0-1